[Event "European Youth Chess Championship B16"]
[Site "Prague, Top Hotel Prague"]
[Date "2016.08.24"]
[Round "6.12"]
[White "Mesaros, Florian"]
[Black "Dobrovoljc, Vid"]
[Result "1-0"]
[WhiteElo "2270"]
[BlackElo "2306"]
[PlyCount "81"]
[EventDate "2016.08.18"]

1. Nf3 Nf6 2. c4 g6 3. Nc3 Bg7 4. e4 d6 5. d4 O-O 6. Be2 e5 7. O-O Nc6 8. d5
Ne7 9. b4 Nh5 10. Re1 f5 11. Ng5 Nf6 12. Bf3 c6 13. Bb2 h6 14. Ne6 Bxe6 15.
dxe6 fxe4 16. Nxe4 Nxe4 17. Rxe4 d5 18. cxd5 cxd5 19. Rxe5 Bxe5 20. Bxe5 Qb6
21. Bb2 Rad8 22. Qd2 Qxe6 23. Re1 Qf7 24. Qxh6 d4 25. Qd2 Nf5 26. a3 Rfe8 27.
Rd1 Re5 28. Be2 Qd5 29. g3 Rc8 30. Bd3 Rce8 31. Bf1 b5 32. h4 Qf3 33. Bxd4 Rd5
34. Qa2 Kh7 35. Rd3 Qe4 36. Bf6 Rxd3 37. Qf7+ Kh6 38. Bxd3 Qe6 39. Bg5+ Kh5 40.
Bxf5 Qxf7 41. g4# 1-0

[Event "European Youth Chess Championship B16"]
[Site "Prague, Top Hotel Prague"]
[Date "2016.08.24"]
[Round "6.13"]
[White "Janik, Igor"]
[Black "German, Nikita"]
[Result "1-0"]
[WhiteElo "2303"]
[BlackElo "2223"]
[PlyCount "69"]
[EventDate "2016.08.18"]

1. e4 c5 2. Nf3 e6 3. d4 cxd4 4. Nxd4 a6 5. c4 Nf6 6. Nc3 Qc7 7. Be2 b6 8. O-O
Bb7 9. f3 Be7 10. Be3 d6 11. Qd2 Nbd7 12. Rfc1 O-O 13. a4 Rac8 14. a5 bxa5 15.
Nb3 Qb8 16. Nxa5 Ba8 17. b4 Rfd8 18. Rab1 Qc7 19. Na4 Rb8 20. Bf1 Ne8 21. Kh1
d5 22. cxd5 Bxb4 23. Rxb4 Qxa5 24. Rxb8 Qxd2 25. Rxd8 Qxe3 26. Rxe8+ Nf8 27.
Rb1 Bb7 28. Nb6 g6 29. dxe6 fxe6 30. Nd7 Bc6 31. Rxf8+ Kg7 32. Rd8 Qg5 33. Nf8
Kf7 34. Rc8 Be8 35. Nxe6 1-0

[Event "European Youth Chess Championship B16"]
[Site "Prague, Top Hotel Prague"]
[Date "2016.08.24"]
[Round "6.14"]
[White "Askerov, Marat"]
[Black "Paiva, Henrique"]
[Result "1/2-1/2"]
[WhiteElo "2302"]
[BlackElo "2121"]
[PlyCount "67"]
[EventDate "2016.08.18"]

1. d4 d5 2. c4 c6 3. Nf3 Nf6 4. Nc3 e6 5. Bg5 Be7 6. e3 Nbd7 7. Bd3 O-O 8. O-O
dxc4 9. Bxc4 Nd5 10. Bxe7 Qxe7 11. e4 Nf4 12. e5 Rd8 13. Qd2 Nxe5 14. Qxf4 Nxc4
15. Ne5 Nd6 16. a4 Nf5 17. Rfd1 Qb4 18. Ne4 f6 19. Ng4 Rxd4 20. Rxd4 Qxd4 21.
Ne3 Nxe3 22. fxe3 Qd5 23. Nc3 Qc5 24. Rd1 Qe7 25. Qd6 Kf7 26. Qd8 Qxd8 27. Rxd8
b6 28. Ne4 Ke7 29. Rg8 f5 30. Nd2 Kf7 31. Rd8 Kg6 32. Nc4 Bb7 33. Rd7 Bc8 34.
Rd8 1/2-1/2

[Event "European Youth Chess Championship B16"]
[Site "Prague, Top Hotel Prague"]
[Date "2016.08.24"]
[Round "6.15"]
[White "Tomulic, Teo"]
[Black "Lazov, Toni"]
[Result "0-1"]
[WhiteElo "2148"]
[BlackElo "2297"]
[PlyCount "122"]
[EventDate "2016.08.18"]

1. e4 c5 2. Nf3 d6 3. d4 Nf6 4. Nc3 cxd4 5. Nxd4 a6 6. g3 e5 7. Nde2 Be7 8. Bg2
b5 9. a4 b4 10. Nd5 Nxd5 11. Qxd5 Ra7 12. Be3 Be6 13. Qd3 Rb7 14. f4 Qc8 15. b3
f6 16. O-O O-O 17. Rfc1 Qd7 18. c4 bxc3 19. Rxc3 Rc8 20. Rac1 Rxc3 21. Rxc3 Bd8
22. Qc2 Ba5 23. Rd3 Nc6 24. Qd1 Bb4 25. Bd2 Bc5+ 26. Be3 Bxe3+ 27. Rxe3 Na5 28.
Nc1 Qc6 29. Rd3 Qc5+ 30. Kh1 Rb6 31. Bf1 Qb4 32. Qd2 Qxd2 33. Rxd2 exf4 34.
gxf4 Kf8 35. Rb2 Nc6 36. Kg2 Ke7 37. Kf3 g5 38. fxg5 fxg5 39. Ke3 h5 40. Be2 g4
41. Bd1 Ne5 42. Rd2 a5 43. Rd4 Rb8 44. Rd2 Nd7 45. Rb2 Nc5 46. Nd3 Nxd3 47.
Kxd3 Kf6 48. Kc3 Ke5 49. Rd2 h4 50. Bc2 g3 51. hxg3 hxg3 52. Bd1 Rb6 53. Rd3 g2
54. Rg3 Bh3 55. Kd3 Kf4 56. Rg8 Rb8 57. Rg7 Rc8 58. Kd2 Kxe4 59. Ke2 Kf4 60.
Kf2 Rc1 61. Rf7+ Kg5 0-1

[Event "European Youth Chess Championship B16"]
[Site "Prague, Top Hotel Prague"]
[Date "2016.08.24"]
[Round "6.16"]
[White "Pechac, Jergus"]
[Black "Akhvlediani, Irakli"]
[Result "1/2-1/2"]
[WhiteElo "2443"]
[BlackElo "2120"]
[PlyCount "73"]
[EventDate "2016.08.18"]

1. e4 c6 2. Nc3 d5 3. Nf3 Bg4 4. h3 Bxf3 5. Qxf3 e6 6. g3 Nf6 7. Bg2 Nbd7 8.
Qe2 d4 9. Nd1 Bd6 10. O-O e5 11. d3 b5 12. f4 c5 13. g4 h6 14. a4 a6 15. g5 Ng8
16. h4 Rc8 17. axb5 axb5 18. Bh3 Ne7 19. Bd2 Nc6 20. Qg4 exf4 21. g6 Nce5 22.
gxf7+ Kf8 23. Qe6 Qe7 24. Ra7 Qxe6 25. Bxe6 Ke7 26. Bxd7 Nxd7 27. Bxf4 Bxf4 28.
Rxf4 Ra8 29. Rb7 Ra1 30. Rf1 b4 31. Kg2 Rf8 32. Kg3 Ke6 33. e5 Nxe5 34. Re1 Kd6
35. Rb6+ Nc6 36. Rb7 Ne5 37. Rb6+ 1/2-1/2

[Event "European Youth Chess Championship B16"]
[Site "Prague, Top Hotel Prague"]
[Date "2016.08.24"]
[Round "6.17"]
[White "Goldie, Thomas"]
[Black "Gokerkan, Cem Kaan"]
[Result "0-1"]
[WhiteElo "2193"]
[BlackElo "2371"]
[PlyCount "72"]
[EventDate "2016.08.18"]

1. d4 Nf6 2. Nc3 d5 3. Bg5 Nbd7 4. Nf3 h6 5. Bh4 e6 6. e3 c5 7. dxc5 Bxc5 8.
Bd3 Be7 9. Bg3 a6 10. e4 Bb4 11. e5 Nh5 12. O-O Nxg3 13. hxg3 Bxc3 14. bxc3 Qc7
15. Qe2 Qxc3 16. Qe3 Qc7 17. Rfc1 Nc5 18. Nd4 Bd7 19. f4 g6 20. Rab1 h5 21. Kf2
b5 22. Rh1 Qa5 23. Nb3 Nxb3 24. axb3 Qb4 25. g4 g5 26. Rxh5 Rxh5 27. gxh5 gxf4
28. Qb6 Qd2+ 29. Kg1 f3 30. Qf2 Qg5 31. Qxf3 Qxe5 32. g4 O-O-O 33. Kg2 Bc6 34.
Kh3 f5 35. gxf5 exf5 36. Qxf5+ Bd7 0-1

[Event "European Youth Chess Championship B16"]
[Site "Prague, Top Hotel Prague"]
[Date "2016.08.24"]
[Round "6.18"]
[White "Laurent-Paoli, Pierre"]
[Black "Abishli, Oghuz"]
[Result "0-1"]
[WhiteElo "2318"]
[BlackElo "2120"]
[PlyCount "125"]
[EventDate "2016.08.18"]

1. d4 e6 2. Nf3 f5 3. g3 Nf6 4. Bg2 d5 5. Bf4 Be7 6. c4 c6 7. Qc2 O-O 8. Nbd2
Ne4 9. O-O Nd7 10. Nxe4 fxe4 11. Ne5 Bf6 12. Rad1 g5 13. Be3 Qe7 14. Nxd7 Bxd7
15. f3 exf3 16. exf3 Be8 17. f4 Bg6 18. Qe2 Rfe8 19. Rfe1 Rad8 20. b3 h6 21.
Bf3 Bf5 22. Kg2 Qg7 23. fxg5 hxg5 24. Bg4 Be4+ 25. Kg1 b6 26. Bf2 e5 27. dxe5
Bxe5 28. cxd5 cxd5 29. Bf3 Bxf3 30. Qxf3 d4 31. Qh5 Re7 32. Rd3 Bf6 33. Rxe7
Qxe7 34. Qg4 Qg7 35. Qe6+ Qf7 36. Qf5 Rd5 37. Qf3 Rd8 38. Qg4 Qd7 39. Qe4 Kg7
40. h4 gxh4 41. gxh4 Kf7 42. Qh7+ Ke6 43. Qe4+ Kf7 44. h5 Qd5 45. Qh7+ Ke6 46.
Qg6 Ke7 47. Rg3 Rc8 48. Qh7+ Ke6 49. Qh6 Rh8 50. Qg6 Qxh5 51. Qg4+ Qxg4 52.
Rxg4 Kf5 53. Rg2 Rh7 54. Kf1 d3 55. Ke1 Bc3+ 56. Kd1 Rh1+ 57. Rg1 Rh2 58. Rf1
Ke4 59. a3 Rg2 60. a4 Bb4 61. a5 Bxa5 62. Bg1 Ra2 63. Bd4 0-1

[Event "European Youth Chess Championship B16"]
[Site "Prague, Top Hotel Prague"]
[Date "2016.08.24"]
[Round "6.19"]
[White "Mirzoyan, David"]
[Black "Szustakowski, Antoni"]
[Result "1-0"]
[WhiteElo "2294"]
[BlackElo "2125"]
[PlyCount "115"]
[EventDate "2016.08.18"]

1. d4 Nf6 2. c4 e6 3. Nf3 d5 4. Nc3 c5 5. cxd5 Nxd5 6. e3 Nxc3 7. bxc3 Nc6 8.
Bd3 Be7 9. O-O O-O 10. Qe2 Bf6 11. Rd1 Qc7 12. Bb2 Rd8 13. c4 g6 14. Be4 Bg7
15. dxc5 Rxd1+ 16. Rxd1 e5 17. Nd2 Ne7 18. Nb3 Be6 19. Bd5 Rd8 20. Bxe6 fxe6
21. Rxd8+ Qxd8 22. Qd2 Qxd2 23. Nxd2 Nc6 24. Bc3 Bf8 25. Ne4 Be7 26. Kf1 Kf8
27. g4 g5 28. h3 Kf7 29. Ke2 Ke8 30. Kd3 Kd7 31. Nd2 Bxc5 32. Nf3 Be7 33. Nxe5+
Nxe5+ 34. Bxe5 Kc6 35. Bd4 a6 36. Ke4 Kd6 37. Bb2 Kd7 38. Ke5 Bb4 39. Kf6 Be1
40. f3 Bd2 41. Bd4 Kd6 42. Kxg5 e5 43. Ba7 Kc7 44. Kf5 b6 45. c5 b5 46. c6 Bc3
47. g5 a5 48. h4 b4 49. h5 a4 50. Bc5 Kxc6 51. Bxb4 Bxb4 52. g6 hxg6+ 53. hxg6
Bf8 54. Kxe5 Kb5 55. f4 Kb4 56. f5 Ka3 57. f6 Kxa2 58. g7 1-0

[Event "European Youth Chess Championship B16"]
[Site "Prague, Top Hotel Prague"]
[Date "2016.08.24"]
[Round "6.20"]
[White "Schroeder, Kevin"]
[Black "Haring, Viktor"]
[Result "1-0"]
[WhiteElo "2286"]
[BlackElo "2105"]
[PlyCount "49"]
[EventDate "2016.08.18"]

1. d4 d5 2. Nf3 Nf6 3. c4 c6 4. cxd5 cxd5 5. Nc3 Nc6 6. Bf4 Bf5 7. e3 a6 8. Ne5
Qb6 9. Qb3 Qxb3 10. axb3 Nb4 11. Ra4 e6 12. Bb5+ Ke7 13. Rxb4 axb5 14. O-O Ne8
15. Rxb5 Nd6 16. Rb6 Ra6 17. Rxa6 bxa6 18. Ra1 f6 19. Nc6+ Kd7 20. Nb8+ Kc8 21.
Nxa6 g5 22. Bg3 h5 23. Nc5 h4 24. Ra8+ Kc7 25. Nb5+ 1-0

[Event "European Youth Chess Championship B16"]
[Site "Prague, Top Hotel Prague"]
[Date "2016.08.24"]
[Round "6.21"]
[White "Zeman, Matyas"]
[Black "Marosi, Levente"]
[Result "1/2-1/2"]
[WhiteElo "2166"]
[BlackElo "2274"]
[PlyCount "97"]
[EventDate "2016.08.18"]

1. e4 c6 2. d4 d5 3. exd5 cxd5 4. c3 Nc6 5. Nf3 Nf6 6. Bf4 Bf5 7. Nbd2 e6 8.
Qb3 Qc8 9. Nh4 Bg6 10. Nxg6 hxg6 11. h3 Be7 12. Bd3 Nh5 13. Bh2 g5 14. Nf3 Nf4
15. Bxf4 gxf4 16. Rc1 Bf6 17. O-O Qd7 18. Rfe1 Rh5 19. Qa4 a6 20. b4 Na7 21.
Qd1 g6 22. Qe2 Kf8 23. Nh2 Nc8 24. Ng4 Bg7 25. Qf3 Qd6 26. Re2 Kg8 27. Rce1 Ne7
28. Ne5 Rh4 29. g3 Rxh3 30. Qg4 Rh6 31. Nxf7 Kxf7 32. Rxe6 Qc7 33. Qxf4+ Qxf4
34. Rxe7+ Kg8 35. gxf4 Rh3 36. Re8+ Rxe8 37. Rxe8+ Kf7 38. Re3 Rh4 39. Rg3 Rxf4
40. Rxg6 Rf3 41. Rg3 Rxg3+ 42. fxg3 Bh6 43. c4 Be3+ 44. Kg2 Ke6 45. Kf3 Bxd4
46. cxd5+ Ke5 47. Be4 b6 48. a4 b5 49. axb5 1/2-1/2

[Event "European Youth Chess Championship B16"]
[Site "Prague, Top Hotel Prague"]
[Date "2016.08.24"]
[Round "6.22"]
[White "Miesbauer, Jan"]
[Black "Adar, Idan"]
[Result "0-1"]
[WhiteElo "2272"]
[BlackElo "1990"]
[PlyCount "134"]
[EventDate "2016.08.18"]

1. d4 Nf6 2. c4 c5 3. d5 e6 4. Nc3 exd5 5. cxd5 d6 6. g3 g6 7. Bg2 Bg7 8. Nf3
O-O 9. O-O Re8 10. Bf4 Bf5 11. Nd2 Nh5 12. Nc4 Nxf4 13. gxf4 Bxc3 14. bxc3 b5
15. Nd2 Qh4 16. e3 Nd7 17. c4 a6 18. Qb3 Nf6 19. Qb2 Ne4 20. Nf3 Qf6 21. Qxf6
Nxf6 22. Nd2 Rab8 23. Rfd1 Ne4 24. Nxe4 Bxe4 25. f3 Bc2 26. Rd2 Ba4 27. e4 bxc4
28. Rc1 Rb4 29. Bf1 Bb5 30. Rc3 Kf8 31. Kf2 Rb8 32. Ke3 Ke7 33. e5 Rd8 34. Be2
g5 35. exd6+ Kxd6 36. fxg5 Re8+ 37. Kf2 Re5 38. f4 Rxd5 39. Rxd5+ Kxd5 40. Ke3
a5 41. Bf3+ Ke6 42. Be4 f5 43. Bc2 Rb2 44. a3 Ra2 45. h4 Ra1 46. h5 Be8 47. h6
Bg6 48. Ba4 Kd5 49. Bb5 Re1+ 50. Kf3 Re4 51. Ba6 Bh5+ 52. Kg3 Rd4 53. Bb7+ Kd6
54. Bf3 Bf7 55. Re3 Rd3 56. Kf2 Rb3 57. Bd1 Rd3 58. Bc2 Rd2+ 59. Re2 c3 60.
Bxf5 Bh5 61. Rxd2+ cxd2 62. Bc2 d1=Q 63. Bxd1 Bxd1 64. g6 Bc2 65. g7 Bb3 66.
Ke3 Bd5 67. Kd3 Ke7 0-1

[Event "European Youth Chess Championship B16"]
[Site "Prague, Top Hotel Prague"]
[Date "2016.08.24"]
[Round "6.23"]
[White "Mohammad, Fahim"]
[Black "Danek, Daniel"]
[Result "0-1"]
[WhiteElo "2260"]
[BlackElo "1970"]
[PlyCount "118"]
[EventDate "2016.08.18"]

1. d4 Nf6 2. Nf3 g6 3. c4 Bg7 4. Nc3 d5 5. cxd5 Nxd5 6. e4 Nxc3 7. bxc3 c5 8.
h3 Nc6 9. Be3 Qa5 10. Bd2 O-O 11. Be2 Qc7 12. Rc1 Na5 13. O-O b6 14. Be3 Be6
15. d5 Rad8 16. c4 Bc8 17. Qc2 e5 18. Nd2 Nb7 19. a4 Rde8 20. Nb3 Nd6 21. a5 f5
22. f3 Qe7 23. axb6 axb6 24. Rb1 Qh4 25. Bf2 Qg5 26. Qd2 Qd8 27. Qc2 fxe4 28.
fxe4 Bh6 29. Nc1 Rf6 30. Rb3 Ref8 31. Bg3 Rxf1+ 32. Bxf1 Qg5 33. Ne2 Ba6 34.
Bf2 Nxc4 35. Ng3 b5 36. Bxc4 bxc4 37. Ra3 Bb5 38. Bxc5 Rc8 39. Bf2 Qd2 40. Qb1
c3 41. Rxc3 Qxc3 42. Qxb5 Be3 43. Bxe3 Qxe3+ 44. Kh2 Qf4 45. Qb3 Qf6 46. Qa3
Rf8 47. Qc5 h5 48. Ne2 Kg7 49. Qc3 Qg5 50. Qc5 Rf7 51. d6 Qf6 52. Qc6 g5 53.
Ng3 Qf4 54. Kg1 Qxg3 55. d7 Rf2 56. Qf6+ Rxf6 57. d8=Q Qe3+ 58. Kh2 Qf4+ 59.
Kg1 g4 0-1

[Event "European Youth Chess Championship B16"]
[Site "Prague, Top Hotel Prague"]
[Date "2016.08.24"]
[Round "6.24"]
[White "Anaskin, Arsenij"]
[Black "Hurdzan, Tomas"]
[Result "1-0"]
[WhiteElo "2054"]
[BlackElo "2245"]
[PlyCount "67"]
[EventDate "2016.08.18"]

1. e4 g6 2. d4 Bg7 3. Nc3 d6 4. Be3 a6 5. a4 b6 6. Bd3 Bb7 7. f4 e6 8. Nf3 Nf6
9. h3 O-O 10. O-O c5 11. Qe1 c4 12. Bxc4 Nxe4 13. Nxe4 Bxe4 14. Ng5 Bb7 15. Rd1
d5 16. Bd3 Nd7 17. g4 Nf6 18. f5 exf5 19. gxf5 Ne4 20. Bxe4 dxe4 21. Qf2 h6 22.
f6 Bh8 23. h4 Re8 24. Rd2 Rc8 25. h5 hxg5 26. hxg6 Bxf6 27. Bxg5 Re6 28. Qh4
fxg6 29. Bxf6 Rxf6 30. Rxf6 Kg7 31. Rdf2 Bd5 32. Qg5 Qe8 33. Qxd5 e3 34. Rf7+
1-0

[Event "European Youth Chess Championship B16"]
[Site "Prague, Top Hotel Prague"]
[Date "2016.08.24"]
[Round "6.25"]
[White "Abdulla, Murad"]
[Black "Schmidek, Emil"]
[Result "1/2-1/2"]
[WhiteElo "2103"]
[BlackElo "2223"]
[PlyCount "183"]
[EventDate "2016.08.18"]

1. e4 e5 2. Nf3 Nc6 3. Bb5 a6 4. Ba4 Nf6 5. d3 d6 6. c4 Be7 7. Nc3 O-O 8. Bxc6
bxc6 9. d4 exd4 10. Nxd4 Bd7 11. O-O Re8 12. f3 Bf8 13. Bg5 g6 14. Qd2 Bg7 15.
Rad1 Qe7 16. Kh1 Qf8 17. Qf4 Nh5 18. Qh4 h6 19. Bc1 Bf6 20. Qf2 Kh7 21. f4 c5
22. Nde2 Bg4 23. Rde1 Bxe2 24. Rxe2 Bxc3 25. bxc3 f5 26. g4 Ng7 27. gxf5 gxf5
28. e5 Re6 29. Rg1 Rae8 30. Qf3 R8e7 31. Reg2 Qe8 32. Be3 Rf7 33. Bf2 dxe5 34.
Bxc5 Qc6 35. Qxc6 Rxc6 36. Be3 Rxc4 37. fxe5 Rxc3 38. Bd4 Rc4 39. Bb2 Ne6 40.
Rg6 Rc6 41. Rf6 Rxf6 42. exf6 Rb6 43. Bc3 Rc6 44. Ba1 Rd6 45. f7 Rd8 46. Re1
Ng5 47. Rg1 Rf8 48. h4 Ne6 49. Re1 Nf4 50. Rf1 Nh5 51. Be5 Rxf7 52. Rc1 Nf6 53.
Bxc7 Ne4 54. Bf4 Kg6 55. Kg2 Rf6 56. Kf3 Rb6 57. h5+ Kf7 58. Rc7+ Ke8 59. Rc8+
Kf7 60. Be5 Nd6 61. Rh8 Ne8 62. Bf4 Ng7 63. Bxh6 Ne6 64. Be3 Rc6 65. Ra8 Rc3
66. Ra7+ Kf6 67. h6 Ng5+ 68. Ke2 Rc2+ 69. Kd3 Rxa2 70. h7 Nxh7 71. Rxh7 Ke5 72.
Re7+ Kf6 73. Rb7 Ke5 74. Re7+ Kf6 75. Rc7 a5 76. Bd2 a4 77. Rc4 Ke5 78. Rb4 Kf6
79. Ke2 Ke5 80. Kd3 Kf6 81. Rh4 Ke5 82. Rh2 Kd5 83. Rf2 Ke6 84. Kc3 Ra3+ 85.
Kb2 Rb3+ 86. Kc2 Ra3 87. Rf4 Ra2+ 88. Kc1 Ke5 89. Rb4 Kd5 90. Rb5+ Ke4 91. Rb4+
Kd3 92. Bf4 1/2-1/2

[Event "European Youth Chess Championship B16"]
[Site "Prague, Top Hotel Prague"]
[Date "2016.08.24"]
[Round "6.26"]
[White "Sousa, Andre Ventura"]
[Black "Batashevs, Arsens"]
[Result "1-0"]
[WhiteElo "2411"]
[BlackElo "1969"]
[PlyCount "65"]
[EventDate "2016.08.18"]

1. e4 e6 2. d4 d5 3. Nc3 dxe4 4. Nxe4 Be7 5. Nf3 Nf6 6. Nxf6+ Bxf6 7. Bd3 Nd7
8. O-O O-O 9. Bf4 c5 10. c3 cxd4 11. cxd4 Nb6 12. Rc1 Nd5 13. Bg3 Qb6 14. Ne5
g6 15. h4 Qxd4 16. Rc4 Qb6 17. h5 Bxe5 18. Bxe5 Ne3 19. Qf3 Nf5 20. hxg6 fxg6
21. Rc7 Ne7 22. Qg3 Rf7 23. Qg5 Kf8 24. a4 a6 25. a5 Qb4 26. Rd1 Ke8 27. Bd6
Qxd6 28. Bb5+ Qc6 29. Bxc6+ bxc6 30. Qc5 Rb8 31. Qd6 Nd5 32. Rxf7 Kxf7 33. Qxb8
1-0

[Event "European Youth Chess Championship B16"]
[Site "Prague, Top Hotel Prague"]
[Date "2016.08.24"]
[Round "6.27"]
[White "Dill, Xaver"]
[Black "Lodici, Lorenzo"]
[Result "0-1"]
[WhiteElo "2110"]
[BlackElo "2394"]
[PlyCount "62"]
[EventDate "2016.08.18"]

1. Nf3 f5 2. g3 Nf6 3. Bg2 g6 4. O-O Bg7 5. c4 d6 6. d4 e6 7. Nc3 O-O 8. Re1
Ne4 9. Qc2 Nxc3 10. bxc3 e5 11. e4 Nc6 12. exf5 gxf5 13. Bg5 Qe8 14. dxe5 dxe5
15. Nxe5 Nxe5 16. Bf4 Qe7 17. Rxe5 Bxe5 18. Re1 c6 19. Rxe5 Qf6 20. Qd2 Be6 21.
Qe2 Rfe8 22. Bf3 Bf7 23. Qe3 Re6 24. Qd4 Rf8 25. Qc5 b6 26. Qe3 Rfe8 27. Rxe6
Qxe6 28. Qd2 Qe1+ 29. Qxe1 Rxe1+ 30. Kg2 Bxc4 31. Bxc6 Bxa2 0-1

[Event "European Youth Chess Championship B16"]
[Site "Prague, Top Hotel Prague"]
[Date "2016.08.24"]
[Round "6.28"]
[White "Kistrup, Nicolai"]
[Black "O`Sullivan, Thomas"]
[Result "0-1"]
[WhiteElo "2089"]
[BlackElo "2293"]
[PlyCount "88"]
[EventDate "2016.08.18"]

1. d4 Nf6 2. Nf3 g6 3. c4 Bg7 4. Nc3 d5 5. cxd5 Nxd5 6. e4 Nxc3 7. bxc3 c5 8.
Rb1 O-O 9. Be2 b6 10. O-O Bb7 11. d5 Bxc3 12. Bc4 Bg7 13. e5 Na6 14. Qb3 Nc7
15. Rd1 Qd7 16. Bg5 Ba6 17. Bxa6 Nxa6 18. e6 fxe6 19. dxe6 Qc6 20. Bxe7 Rfe8
21. Bd6 c4 22. Qe3 Rad8 23. Ne5 Bxe5 24. Qxe5 Nc5 25. e7 Rc8 26. Qf4 Qe4 27.
Qf6 Qf5 28. Qxf5 gxf5 29. Rd5 Ne4 30. Ba3 Nc3 31. Rbb5 Nxb5 32. Rxb5 c3 33. Rb1
c2 34. Rc1 a5 35. Kf1 b5 36. Ke2 b4 37. Bb2 Rxe7+ 38. Kd2 Rd7+ 39. Ke2 Re8+ 40.
Kf3 Rd2 41. g3 a4 42. h4 b3 43. axb3 axb3 44. Ba1 Rd1 0-1

[Event "European Youth Chess Championship B16"]
[Site "Prague, Top Hotel Prague"]
[Date "2016.08.24"]
[Round "6.29"]
[White "Koziol, Kamil"]
[Black "Jelinek, Michal"]
[Result "1-0"]
[WhiteElo "2276"]
[BlackElo "2080"]
[PlyCount "119"]
[EventDate "2016.08.18"]

1. e4 e6 2. d4 d5 3. Nc3 Bb4 4. e5 c5 5. a3 Bxc3+ 6. bxc3 Ne7 7. Qg4 O-O 8. Bd3
Nbc6 9. Qh5 Ng6 10. Nf3 Qc7 11. Be3 c4 12. Bxg6 fxg6 13. Qg4 Qf7 14. Ng5 Qe8
15. h4 h6 16. Nh3 Bd7 17. Qe2 Ne7 18. g4 b5 19. Kd2 a5 20. h5 gxh5 21. Nf4 b4
22. Nxh5 Ba4 23. Rac1 bxc3+ 24. Kxc3 Nc6 25. Nxg7 Kxg7 26. Bxh6+ Kg8 27. Qe3
Qe7 28. Bxf8 Rxf8 29. Kd2 c3+ 30. Ke1 Qg7 31. Rh5 Kf7 32. f3 Rh8 33. Rxh8 Qxh8
34. Qf4+ Ke8 35. Kf2 Qh7 36. Kg2 Bxc2 37. Rh1 Qg7 38. Qe3 Ba4 39. Qxc3 Qg5 40.
Kg3 Ne7 41. Rh5 Qg6 42. Qxa5 Bd1 43. Qa8+ Kf7 44. Rh8 Ng8 45. Qb7+ Kf8 46. Qa8+
Kf7 47. a4 Qg7 48. Rh1 Be2 49. Rh2 Bf1 50. Qb7+ Ne7 51. Qb1 Bc4 52. Rh7 Nf5+
53. Qxf5+ exf5 54. Rxg7+ Kxg7 55. gxf5 Bd3 56. Kf4 Be2 57. a5 Kf7 58. Kg5 Ba6
59. f4 Bc8 60. f6 1-0

[Event "European Youth Chess Championship B16"]
[Site "Prague, Top Hotel Prague"]
[Date "2016.08.24"]
[Round "6.30"]
[White "Stauskas, Lukas"]
[Black "De Bock, Thijs"]
[Result "1-0"]
[WhiteElo "2235"]
[BlackElo "2058"]
[PlyCount "101"]
[EventDate "2016.08.18"]

1. d4 Nf6 2. c4 g6 3. Nf3 Bg7 4. g3 O-O 5. Bg2 d6 6. O-O Nbd7 7. Nc3 e5 8. e4
exd4 9. Nxd4 Re8 10. Re1 a6 11. h3 Rb8 12. Bf4 Ne5 13. Bf1 c5 14. Nc2 Be6 15.
Bxe5 dxe5 16. Ne3 Qc8 17. Kh2 b5 18. Qc2 Qc6 19. Ncd5 Nd7 20. b3 Nf8 21. cxb5
axb5 22. a4 bxa4 23. bxa4 Bd7 24. Bb5 Qc8 25. Bxd7 Nxd7 26. Nc4 Qc6 27. Reb1
Kf8 28. a5 Nf6 29. Ncb6 Nxd5 30. exd5 Qd6 31. Ra4 Re7 32. Rc4 e4 33. Rxe4 Bd4
34. Rxe7 Qxe7 35. Nd7+ Qxd7 36. Rxb8+ Kg7 37. Qe4 Qc7 38. Rb6 Qa7 39. Qf4 Qxa5
40. Rb7 Bf6 41. Qc7 Qxc7 42. Rxc7 Bd4 43. d6 Kf6 44. Re7 c4 45. Re4 Bb6 46. d7
c3 47. Re2 Ba5 48. Kg2 c2 49. Rxc2 Ke7 50. Ra2 Bb6 51. Rd2 1-0

[Event "European Youth Chess Championship B16"]
[Site "Prague, Top Hotel Prague"]
[Date "2016.08.24"]
[Round "6.31"]
[White "Storme, Isak"]
[Black "Trubchaninov, Timur"]
[Result "0-1"]
[WhiteElo "2108"]
[BlackElo "2228"]
[PlyCount "136"]
[EventDate "2016.08.18"]

1. e4 e5 2. Nf3 Nc6 3. Bb5 g6 4. c3 Bg7 5. d4 exd4 6. cxd4 a6 7. Bc4 b5 8. Bb3
Nge7 9. O-O d6 10. h3 O-O 11. Bf4 Na5 12. Bc2 Bb7 13. Nc3 Nc4 14. Qc1 c5 15.
dxc5 dxc5 16. Rd1 Qc8 17. Bb3 Nb6 18. Bd6 Re8 19. Qg5 c4 20. Bxe7 cxb3 21. Bf6
bxa2 22. Bxg7 Kxg7 23. Rxa2 Bxe4 24. Rd6 Bxf3 25. Qf6+ Kg8 26. Qxf3 Re1+ 27.
Kh2 Nc4 28. Rd4 Ne5 29. Qf4 Nc6 30. Rd6 Re6 31. Nd5 Ra7 32. Ra3 Rxd6 33. Qxd6
Qb8 34. Qxb8+ Nxb8 35. b4 Kg7 36. Kg3 Rd7 37. Nf4 Rd4 38. Nd3 Nc6 39. f3 a5 40.
bxa5 b4 41. Nxb4 Rxb4 42. a6 Na7 43. f4 Kf6 44. Kf3 Rb6 45. Ke4 Ke6 46. Ra4 Rd6
47. g4 f5+ 48. Ke3 Rb6 49. Kd4 Kd6 50. gxf5 gxf5 51. Kc4 Rc6+ 52. Kd4 Nb5+ 53.
Kd3 Rc3+ 54. Kd2 Rc7 55. Kd3 Ra7 56. Kc4 Nc7 57. Ra5 Ke6 58. Rc5 Nxa6 59. Rc6+
Kf7 60. Kb5 Nb8 61. Rc5 Rb7+ 62. Kc4 Kg6 63. h4 Rf7 64. Rc8 Nd7 65. Rg8+ Rg7
66. Re8 Kh5 67. Re1 Nf6 68. Kd4 Rd7+ 0-1

[Event "European Youth Chess Championship B16"]
[Site "Prague, Top Hotel Prague"]
[Date "2016.08.24"]
[Round "6.32"]
[White "Ranaldi, Lucas"]
[Black "Simet, Martin"]
[Result "1/2-1/2"]
[WhiteElo "2215"]
[BlackElo "2058"]
[PlyCount "56"]
[EventDate "2016.08.18"]

1. d4 Nf6 2. c4 g6 3. Nc3 Bg7 4. e4 d6 5. Bd3 O-O 6. Nge2 c5 7. d5 e6 8. h3
exd5 9. exd5 Na6 10. a3 Nd7 11. Bc2 Re8 12. O-O Nc7 13. Bf4 Ne5 14. b3 Bd7 15.
Bh2 f5 16. f4 Nf7 17. Rb1 b5 18. Qd3 b4 19. axb4 cxb4 20. Nd1 Na6 21. Qd2 Nc5
22. Kh1 a5 23. Nb2 Qc7 24. Nd4 Nd8 25. Bg1 Ndb7 26. Rfe1 Ne4 27. Bxe4 fxe4 28.
Qc2 Nc5 1/2-1/2

[Event "European Youth Chess Championship B16"]
[Site "Prague, Top Hotel Prague"]
[Date "2016.08.24"]
[Round "6.33"]
[White "Hallman, Valo"]
[Black "Acs, Marton"]
[Result "1-0"]
[WhiteElo "2187"]
[BlackElo "2030"]
[PlyCount "61"]
[EventDate "2016.08.18"]

1. d4 Nf6 2. Nf3 e6 3. c4 Bb4+ 4. Nbd2 b6 5. a3 Bxd2+ 6. Bxd2 O-O 7. e3 Bb7 8.
Bd3 d6 9. Qc2 c5 10. O-O Nbd7 11. Bc3 Rc8 12. Rfd1 h6 13. Rac1 Qe7 14. e4 cxd4
15. Nxd4 Ne5 16. Nb5 Ba6 17. Bxe5 Bxb5 18. Bc3 Bc6 19. e5 dxe5 20. Bb4 Qb7 21.
Bxf8 Kxf8 22. f3 Nh5 23. Be4 Nf4 24. Re1 f6 25. Kh1 Bxe4 26. Qxe4 Qxe4 27. Rxe4
Nd3 28. Rc2 b5 29. b3 a6 30. Kg1 b4 31. Re3 1-0

[Event "European Youth Chess Championship B16"]
[Site "Prague, Top Hotel Prague"]
[Date "2016.08.24"]
[Round "6.34"]
[White "Nguyen, Kevin"]
[Black "Birkisson, Bardur Orn"]
[Result "0-1"]
[WhiteElo "2169"]
[BlackElo "2028"]
[PlyCount "86"]
[EventDate "2016.08.18"]

1. e4 e5 2. Nf3 Nc6 3. Bb5 a6 4. Ba4 Nf6 5. d3 d6 6. c3 g6 7. h3 Bg7 8. Bg5 h6
9. Be3 O-O 10. Nbd2 Nh5 11. g3 Bd7 12. Bc2 Qe8 13. Qe2 f5 14. O-O-O f4 15. gxf4
exf4 16. Bd4 Nxd4 17. Nxd4 b5 18. N2f3 c5 19. Bb3+ Kh7 20. Nc2 Bc6 21. Rhe1 a5
22. Qd2 c4 23. dxc4 a4 24. cxb5 axb3 25. axb3 Bxb5 26. Qxd6 Rf6 27. Qd5 Bc6 28.
Qd3 Rf7 29. Nfd4 Bd7 30. e5 Re7 31. e6 Bxe6 32. Qe4 Ra6 33. b4 Bf6 34. b5 Rd6
35. Qd3 Bd7 36. c4 Rxe1 37. Rxe1 Rxd4 38. Qf3 Qf7 39. Nxd4 Bxd4 40. Qe2 Bxh3
41. b4 Ng7 42. Rd1 Qa7 43. Qd2 Qa3+ 0-1